La Lettonie pour les touristes... - Statistiques

Statistiques générales
  • Ce quiz a été pris 12 fois
  • Le résultat moyen est 11 sur 20
Statistiques - réponses
Question Indice Réponses % Correct
Quelles autres langues sont répandues ? A Anglais
100%
Quelle est la langue officielle ? Letton
100%
Quelles autres langues sont répandues ? R Russe
100%
Le taux d'alcoolémie toléré au volant est de {0.5} g/l
91%
La conduite se fait à droite ou à gauche ? Droite
91%
La vitesse hors agglomération est limitée à {90} km/h
82%
Quelle est la monnaie ? Euro
82%
Dans la capitale y-a-t-il un décalage horaire avec Paris ? (oui/non) Oui
82%
Quelles sont les principales villes touristiques ? R Riga
82%
Achats à faire 3/ Objets tissés en Lin
73%
Le suffixe internet est lv
64%
Achats à faire 2/ Contenant pour la bière Chope
55%
La religion majoritaire est L luthéranisme
45%
Quelles sont les principales villes touristiques ? J Jurmala
36%
Achats à faire 1/ Résine Ambre
18%
Quels parcs nationaux peut-on visiter ? K Kemeri
9%
Quelles sont les principales villes touristiques ? S Sigulda
9%
Quelles sont les principales villes touristiques ? B Bauska
0%
Quels parcs nationaux peut-on visiter ? G Gauja
0%
Quelles sont les principales villes touristiques ? K Kuldiga
0%
Aucun quiz correspondant
Distribution des résultats
% des personnes avec chaque résultat
Percentile par nombre de réponses
Votre historique - résultats
Vous n’avez pas pris ce quiz